00364nam a2200133 a 45000010010000000030011000100080041000210350026000620820014000881000023001022450045001252600039001706500021002090000-8554ELIB.Books110520 1983  a(ELIB.Books)0000-8700 a241 bOgl aOgleree, Thomas W. aThe Use of the Bible in Christian Ethics bPhiladelphia Fortress Press c1983 aChristian Ethics